00337nam a2200121Ia 4500008004100000041000800041082001200049100002300061245004500084260004600129300002900175365001100204240624s9999 xx 000 0 und d aeng a020 WEI aWEINGAND DARLENE E aADMINISTRATION OF THE SMALL PUBLIC LIBRA c2009aNew DelhibIndiana Publishing House ax, : 256 : p. : cm. ; 23 cRSb20